000 01511nam a2200361 c 4500
003 BLK
005 20250704172750.0
008 180408b bul|||||r ||||||| ||bul||
010 _aKNG00083695000
020 _a978-954-409-269-6
_bиздат.: Плеяда
040 _aBLK
041 _aBUL
_cBUL
080 _aАмериканска литература (на САЩ)
_b821.111(73)
_x-31
_z821.111(73)-31
100 1 _aМакнот, Джудит
_eпърви автор
_991371
700 1 _aПетрова, Анжела
_eпрев. от англ.
_9266978
700 _aБоянов, Павел Валериев
_d1983 -
_9267773
139 _aМакНот, Джудит
_bМ 19
245 1 0 _aВсеки мой дъх
_bРоман
_cДжудит Макнот; прев. от англ. Анжела Петрова; прев. от англ. Павел Валериев Боянов.
257 _aUSA
260 София
_bПлеяда
_c2008
300 _a360 с.
_c20 см
380 _aX
490 1 _aПоредица Пеперуда : Съвременна романтична проза
500 _aОриг. загл. Every Breath You Take / Judith McNought. - Офс. изд.
653 _aромантична проза
653 _aромани
852 _aЦб 239885
856 4 _qpdf
_u
856 4 _qpdf
_u
942 _cKNG
_n0
_059
944 _aCR
_c12.05.2008
_lЦветомила Тодорова
_k30576
944 _aED
_c30.11.2016
_lф /
_kЛюдмила_Стоянова
999 _c79222
_d79222